Score 0/19 Timer 03:00
4 Plays Today
Words % Correct
bout
95.7%
pout
91.7%
doubt
91%
rout
88.5%
gout
88.2%
lout
86.4%
tout
82.9%
shout
81.3%
stout
76%
clout
74.5%
Words % Correct
grout
71.8%
spout
71.2%
trout
69.4%
drought
65.5%
snout
64.3%
flout
60.5%
scout
58.1%
sprout
53.6%
knout
6.1%
Remove Ads.
Support Sporcle.
Get the best of Sporcle when you Go Orange. This ad-free experience offers more features, more stats, and more fun while also helping to support Sporcle. Thank you for becoming a member.

You're not logged in!

Compare scores with friends on all Sporcle quizzes.
OR
Log In

Show Comments

Extras

Top Quizzes Today


Score Distribution

Your Account Isn't Verified!

In order to create a playlist on Sporcle, you need to verify the email address you used during registration. Go to your Sporcle Settings to finish the process.

Report this User

Report this user for behavior that violates our Community Guidelines.

Details: